000
00329nmm a2200145 a 4500
003
AR-BaBNM
005
20251128203107.0
008
063119s1954 ||||||||||||||000 | spa||
040
_c
AR-BaBNM
100
1
_a
Fast, Howard
245
1
0
_a
Mis gloriosos hermanos
260
_a
[S.l.]
_b
Acervo
_c
1954
942
_c
BK
998
_c
Bertuna
999
_c
1853
_d
1853